| 000 | 00777nam a22001337a 4500 | ||
|---|---|---|---|
| 999 |
_c524829 _d524829 |
||
| 008 | 240118b ||||| |||| 00| 0 eng d | ||
| 100 |
_aSomany, Sandip _942818 |
||
| 245 | _aDelicate balance: Regulatory enforcement & favorable business environment | ||
| 260 | _aYojana | ||
| 300 | _a68(1), Jan, 2024: p.49-52 | ||
| 520 | _a One of the most noteworthy aspects of the act is its substantial modification of penalties. In a bold departure from the conventional approach, the act replaces imprisonment with a system of higher fines/penalties forvarious offences. This strategic shift aims to care a more effective deterrent against violations, ensuring a stronger enforcement mechanism without disrupting business. – Reproduced | ||
| 773 | _aYojana | ||
| 942 | _cAR | ||